00846nam a22002177a 450000500170000001000150001702000260003203500140005803700090007208200120008110000360009324500540012925000060018326000420018927001140023130000200034550000620036594200260042799900190045395201560047220240925144125.0 aENG-141762 a9789359648361c250.00 aEN-125294 bDBAD a615.538 aChowdhury, Biswaroop Roy971946 aThe Circadian Doctor/cBy Biswaroop Roy Chowdhury a1 aNew DelhibDiamond Pocket Booksc2024 aX- 30, Okhla Industrial Area, Phase-IIbNew Delhie110020mwecare@diamondbooks.ink011-40712100k011-41611861 a186p.c22cm(pb) aCircadian Clock & Ayurvedic Panchkarma Certificate Course 2ddccENh615.538mCHO c205877d205877 001040708NFICaVPbVPd2024-09-25eDelivery of Books Act Divisiong250.00l0o615.538 CHOpEN-125294r2024-09-25 00:00:00t1v250.00w2024-09-25yEN